Možnosti informačný spravodaj pre zdravotne postihnutých

Bibliographic Details
Format: Journal
Language:Slovak
PhysicalDescription:8 zv. 30 cm
Published: Prešov Združenie zdravotne postihnutých Zväz telesne postihnutej mládeže 2001-2008
Subjects:

MARC

LEADER 00000cas a2200000 a 4500
001 vtls008160706
003 SK-MaSNL
005 20260228163526.0
008 170920d20012008xo x|p 0 b0slo
040 |a SNK  |b slo  |c SNK  |e AACR2 
041 0 |a slo 
044 |a xo  |c SK 
072 7 |a 364-1/-7  |x Druhy sociálnej pomoci a služieb  |2 konspekt 
072 7 |a 316.3  |x Globálne spoločnosti. Sociálna štruktúra. Sociálne skupiny  |2 konspekt 
080 |a 364-785  |2 2011 
080 |a (036)  |2 2011 
080 |a (051)-048.55  |2 2011 
080 |a 364-787.22  |2 2001 
080 |a 050  |2 2011 
080 |a 316.344.6-056.26/.29  |2 2001 
245 0 0 |a Možnosti  |b informačný spravodaj pre zdravotne postihnutých 
260 |a Prešov  |b Združenie zdravotne postihnutých  |b Zväz telesne postihnutej mládeže  |c 2001-2008 
300 |a 8 zv.  |c 30 cm 
310 |a Vychádza nepravidelne 
362 0 |a Roč. 1, č. 1 (2001)-roč. VIII, č. 27 (2008) 
500 |a Registračné č.: OÚ-18/2001 
515 |a Priebežné číslovanie 
650 0 7 |a sociálne poradenstvo  |2 SNKPH  |9 3606 
650 0 7 |a osobná asistencia  |2 SNKPH  |9 70465 
650 0 7 |a telesne postihnutí  |2 SNKPH  |9 30009 
655 7 |a informačné publikácie  |2 SNKPH  |9 70181 
655 7 |a špecializované časopisy  |2 SNKPH  |9 70509 
710 2 |a ZOM (Prešov, Slovensko)  |4 pbl  |9 274199 
910 |a snk 
916 |a 2001-2008 
958 |a OND 
999 |c 9744  |d 11674 
952 |0 0  |1 0  |4 0  |7 0  |8 0  |a SNK  |b SNK  |d 2006-05-16  |f 1  |i snk2006/9844  |l 0  |o snkČSB 5468/4/2004  |p 17A0502045  |r 2026-02-21 19:58:42  |t č. 8-11  |w 2026-02-21  |y PREZ 
952 |0 0  |1 0  |4 0  |7 0  |8 0  |a SNK  |b SNK  |d 2017-09-19  |f 1  |i snk2017/20234  |l 0  |o snkČSB 5468/1/2001  |p 17A1264219  |r 2026-02-21 21:56:05  |t č. 1-2  |w 2026-02-21  |y PREZ 
952 |0 0  |1 0  |4 0  |7 0  |8 0  |a SNK  |b SNK  |d 2017-09-19  |f 1  |i snk2017/20234  |l 0  |o snkČSB 5468/2/2002  |p 17A1264220  |r 2026-02-21 21:56:05  |t č. 3-5  |w 2026-02-21  |y PREZ 
952 |0 0  |1 0  |4 0  |7 0  |8 0  |a SNK  |b SNK  |d 2017-09-19  |f 1  |i snk2017/20234  |l 0  |o snkČSB 5468/3/2003  |p 17A1264221  |r 2026-02-21 21:56:05  |t č. 6-7  |w 2026-02-21  |y PREZ 
952 |0 0  |1 0  |4 0  |7 0  |8 0  |a SNK  |b SNK  |d 2017-09-19  |f 1  |i snk2017/20237  |l 0  |o snkČSB 5468/5/2005  |p 17A1264222  |r 2026-02-21 21:56:05  |t č. 12-15  |w 2026-02-21  |y PREZ 
952 |0 0  |1 0  |4 0  |7 0  |8 0  |a SNK  |b SNK  |d 2017-09-19  |f 1  |i snk2017/20237  |l 0  |o snkČSB 5468/6/2006  |p 17A1264223  |r 2026-02-21 21:56:05  |t č. 16-19  |w 2026-02-21  |y PREZ 
952 |0 0  |1 0  |4 0  |7 0  |8 0  |a SNK  |b SNK  |d 2017-09-19  |f 1  |i snk2017/20237  |l 0  |o snkČSB 5468/7/2007  |p 17A1264224  |r 2026-02-21 21:56:09  |t č. 20-23  |w 2026-02-21  |y PREZ 
952 |0 0  |1 0  |4 0  |7 0  |8 0  |a SNK  |b SNK  |d 2017-09-19  |f 1  |i snk2017/20237  |l 0  |o snkČSB 5468/8/2008  |p 17A1264225  |r 2026-02-21 21:56:09  |t č. 24-27  |w 2026-02-21  |y PREZ 
952 |0 0  |1 0  |4 0  |7 0  |8 0  |a SNK  |b SNK  |d 2017-09-19  |i snk2017/20338  |l 0  |o snkČSB 5468/1/2001 D1  |p 17A1264226  |r 2026-02-21 21:56:09  |t č. 1-2  |w 2026-02-21  |y PREZ 
952 |0 0  |1 0  |4 0  |7 0  |8 0  |a SNK  |b SNK  |d 2017-09-20  |i snk2017/20338  |l 0  |o snkČSB 5468/2/2002 D1  |p 17A1264227  |r 2026-02-21 21:56:21  |t č. 3-5  |w 2026-02-21  |y PREZ 
952 |0 0  |1 0  |4 0  |7 0  |8 0  |a SNK  |b SNK  |d 2017-09-20  |i snk2017/20338  |l 0  |o snkČSB 5468/3/2003 D1  |p 17A1264228  |r 2026-02-21 21:56:21  |t č. 6-7  |w 2026-02-21  |y PREZ